000 00249nam a22001217a 4500
008 181016b xxu||||| |||| 00| 0 eng d
041 _aeng
080 _a573
100 _a11
101 _aBIO
245 _aMicrobiology
_cDavis.D
942 _2udc
_cBK
999 _c49869
_d49869